| 000 | 00660nam a22002297a 4500 | ||
|---|---|---|---|
| 001 | 5689 | ||
| 003 | FISKH | ||
| 005 | 20250123095549.0 | ||
| 008 | 250114b cb ||||| |||| 00| 0 eng d | ||
| 020 | _a9789810193904 | ||
| 040 |
_aFISKH _beng _cFISKH _dFISKH |
||
| 050 | _aD16.25 | ||
| 082 | _a950 | ||
| 100 | _aMajor, Andrew | ||
| 245 |
_aThe living past : _bHistory of ancient India, China and southeast Asia / _cby Andrew Major |
||
| 250 | _aFirst published 2006 | ||
| 260 |
_aSingapore : _bNew York , _c2006. |
||
| 300 |
_a183 pages : _bcolor illustrations ; _c28 cm . |
||
| 650 |
_aSoutheast Asia _vnon-fiction |
||
| 942 |
_2ddc _cBK _n0 |
||
| 999 |
_c5689 _d5689 |
||